|
|
|
|
| LEADER |
01396nab#a2200361#ar4500 |
| 001 |
000071983 |
| 003 |
SVKKK |
| 005 |
20080812100345.0 |
| 008 |
080512d1913 xo |||||||||||||||b|hun |
| FMT |
|
|
|
| 038 |
|
|
|a SVKKK
|
| 040 |
|
|
|a SVKKK
|b slo
|e AACR2
|
| 041 |
0 |
|
|a hun
|
| 044 |
|
|
|a xo
|c SK
|
| 080 |
|
|
|a 331.97
|2 1997
|
| 080 |
|
|
|a 353
|2 1997
|
| 080 |
|
|
|a 929 Malonyay, Tomáš
|2 1997
|
| 242 |
1 |
0 |
|a Vyznamenanie
|y slo
|
| 245 |
1 |
0 |
|a Kitüntetés
|
| 500 |
|
|
|a mikrofilm
|
| 520 |
2 |
|
|a Správa o tom, že slúžny zo Stropkova Tomáš Malonyay bol poctený tým, že za úspešný priebeh vojenského cvičenia v Stropkove [v r.1912] mu následníčka trónu poslala zlátenú fotografiu kráľovskej rodiny osadenú v palisádovom drevenom ráme, ako aj vlastnoručne napísaný ďakovný list
|
| 600 |
1 |
4 |
|a Malonyay, Tomáš
|d 1876-19??
|x barón, slúžny
|z Vranov, Stropkov, Humenné (Slovensko)
|x pôsobenie pracovné
|z Nižný Hrabovec, Lastovce (Slovensko)
|x pôsobenie súkromné
|
| 650 |
0 |
4 |
|a vyznamenanie kráľovské
|x hlavný slúžny (adresát)
|y Stropkov (Slovensko)
|z jún 1913
|
| 655 |
|
4 |
|a hungariká
|
| 773 |
0 |
|
|t Homonna és Vidéke : Hetilap
|g Roč. 13, č. 27 (29.06.1913) s. 2 a 3
|
| 957 |
|
|
|a Stropkov
|
| 958 |
|
|
|a DG
|
| 958 |
|
|
|a HU
|
| 974 |
|
|
|a Ba
|
| 992 |
|
|
|a RBX
|
| 997 |
|
|
|a Malonyay, Tamás p. Malonyay, Tomáš
|d Sztropkó p. Stropkov
|
| BAS |
|
|
|
| 998 |
|
|
|a RETRO
|